Geography Quiz

Random Geography or Asia Quiz

ABC Geography Quiz Stats

Quiz Updated Jan 12, 2018

Challenge
Share
Tweet
Embed
Score 0/27 Timer 05:00
19 Plays Today
Category Answer % Correct
North American CountriesCanada...
93.9%
Asian CountriesCambodia...
93.5%
African CountriesCabo Verde...
89%
African CountriesAlgeria...
87.2%
North American CountriesBahamas...
84.8%
Asian CountriesBahrain...
83.8%
Asian CountriesAfghanistan...
81.7%
European CapitalsBelgrade...
81.1%
African CountriesBenin...
80.8%
South American CapitalsBogotá...
78.5%
US State CapitalsAlbany...
72%
US State CapitalsBaton Rouge...
68.3%
European CapitalsAmsterdam...
68.1%
US State CapitalsCarson City...
63.6%
Category Answer % Correct
Rivers (>1,500 km)Aldan...
63.6%
North American CountriesAntigua and Barbuda
63.1%
Oceania Metro Areas (>300,000 residents)Christchurch...
56.4%
South American CapitalsCaracas
55.7%
European CapitalsChisinau...
53.4%
Rivers (>1,500 km)Colorado...
50%
South American CapitalsAsunción
47.1%
Oceania Metro Areas (>300,000 residents)Auckland...
46.8%
Oceania Metro Areas (>300,000 residents)Brisbane
41.5%
Lakes (>4,000 km²)Baikal...
31.4%
Lakes (>4,000 km²)Caspian Sea
23.6%
Rivers (>1,500 km)Brahmaputra...
12%
Lakes (>4,000 km²)Albert...
9.2%

You're not logged in!

Compare scores with friends on all Sporcle quizzes.
Sign Up with Email
OR
Log In

You Might Also Like...

Show Comments

Extras

Top Quizzes Today


Score Distribution

Your Account Isn't Verified!

In order to create a playlist on Sporcle, you need to verify the email address you used during registration. Go to your Sporcle Settings to finish the process.

Report this User

Report this user for behavior that violates our Community Guidelines.

Details: